En forma /

Guardat en:
Dades bibliogràfiques
Autor corporatiu: Executive Fitness Newsletter
Format: Llibre
Idioma:espanyol
Publicat: México : Grupo Editorial Sayrols : Compañía General de Ediciones, 1986, c1985
Edició:3a edición
Matèries:
Etiquetes: Afegir etiqueta
Sense etiquetes, Sigues el primer a etiquetar aquest registre!

MARC

LEADER 00000nam^a2200000^a^4500
001 000289390
005 20250521000000.0
009 20260310111936.896
020 |a 968-403-196-3 
037 |a Acervo ITESO - Biblioteca 
041 |a ESP 
082 |a 613. 7  |b EXE 
110 |a Executive Fitness Newsletter 
245 1 0 |a En forma /  |c Executive Fitness Newsletter ; tr. por Rosa María Ojeda de Soto. 
246 2 |a Título en la cubierta: Lo último para estar en condición: conozca los más avanzados descubrimientos en bienestar físico 
250 |a 3a edición 
264 4 |a México :  |b Grupo Editorial Sayrols :  |b Compañía General de Ediciones,  |c 1986, c1985 
300 |a 158 p. 
336 |a texto  |b txt  |2 rdacontenido 
337 |a sin mediación  |b n  |2 rdamedio 
338 |a volumen  |b nc  |2 rdasoporte 
500 |a Traducción de: 50 Ways to Stay Fit On A Busy Shedule 
649 |a XX 
650 |a Dieta -  |x Tema Principal 
650 |a Ejercicio Físico -  |x Tema Principal 
650 |a Salud 
910 |a Fondo General 
920 |a Impresos - Libros 
930 |a Colección General 
905 |a 101 
901 |a 0500175930  |b IT1  |c ACC  |u 20250521 
902 |a https://opac.biblio.iteso.mx/vufind/Record/000289390